| 000 | 00345nam a2200145Ia 4500 | ||
|---|---|---|---|
| 008 | 230917s9999||||xx |||||||||||||| ||und|| | ||
| 040 |
_e118879 _aMAIN |
||
| 041 | _aEnglish | ||
| 082 | _a338.4791 S23W | ||
| 100 | _aSharma, K K | ||
| 245 | 0 | _aWorld tourism today | |
| 260 |
_aNew Delhi _bSarup & Sons _c2004 |
||
| 300 | _a281 p. | ||
| 942 | _cBK | ||
| 999 |
_c129500 _d129500 |
||